| 000 | 00731nam a22002297a 4500 | ||
|---|---|---|---|
| 005 | 20170124110107.0 | ||
| 010 | _a691004 | ||
| 020 | _c00.00 | ||
| 035 | _a691004 | ||
| 037 | _bCen Lib/Ret | ||
| 040 |
_aDPL _bEN |
||
| 082 |
_a954.09 _bCHO |
||
| 100 |
_aChoudhary, Sukhbir _928223 |
||
| 245 |
_aIndo-Pak war and big powers / _cby Sukhbir Choudhary |
||
| 260 |
_bTrimurti Publications _aNew Delhi _c1972 |
||
| 270 |
_aW-152, Greater Kailash-I _e110048 _bNew Delhi |
||
| 300 |
_aix,195p. _c18cm(Hb) |
||
| 500 | _aIncludes bibliographical references and index | ||
| 650 |
_aIndia-Pakistan Conflict, 1971 -- Diplomatic history _928224 |
||
| 650 |
_aDiplomatic history _97033 |
||
| 942 |
_2ddc _cEN _h954.09 _mCHO |
||
| 999 |
_c130080 _d130080 |
||